Valuing Mediterranean forest : : towards total economic value

Bibliographic Details
Other Authors: Croitoru, Lelia, Merlo, Maurizio
Format: Book
Published: Walingford : CABI Publishing , 2005
Subjects:

MARC

LEADER 00000cam a2200000 7i4500
001 0000003869
005 20110802.0
020 0 0 |a 0851999972 
090 0 0 |a 634.9091822   |b MAUR 2005 
245 1 0 |a Valuing Mediterranean forest : :   |b towards total economic value   |c edited by Maurizio Merlo & Lelia Croitoru 
260 0 0 |a Walingford :   |b CABI Publishing ,   |c 2005 
300 |a xvii, 406 p. :   |b ill. ;   |c 25 cm. 
504 0 0 |a Includes bibliographical references and index 
650 0 0 |a Forest policy---Mediterannean Region 
650 0 0 |a Forests and forestry---economic aspects---Mediterranean Region 
700 0 1 |a Croitoru, Lelia 
700 0 1 |a Merlo, Maurizio 
998 |a JPSM 
999 |a 0000007401   |b Monograph   |c Open Shelf   |e Default branch